000 01780cam a2200181 4500500
005 20260405085542.0
041 _afre
042 _adc
100 1 0 _aFansten, Maïa
_eauthor
700 1 0 _aFigueiredo, Cristina
_eauthor
700 1 0 _aFigueiredo, Cristina
_eauthor
700 1 0 _aPionnié-Dax, Nancy
_eauthor
700 1 0 _aVellut, Natacha
_eauthor
245 0 0 _aHikikomori, ces adolescents en retrait
260 _bArmand Colin,
_c2014.
520 _aRetrait social, réclusion à domicile, décrochage, claustration, enfermement, sont autant de formes d’un phénomène nommé « hikikomori » au Japon où il est apparu. Ce trouble de conduite consiste pour des adolescents ou des jeunes adultes à se retirer, le plus souvent dans leur chambre, pendant plusieurs mois ou plusieurs années. Ils s’exilent dans un espace solitaire et ne répondent plus aux attentes sociales, familiales, amicales, arrêtant leurs études, rompant leurs liens, suspendant leurs activités. Ils laissent perplexes leurs proches autant que les acteurs éducatifs et médico-psychologiques.Comment comprendre ces ermites modernes, leurs conduites, les causes et les conséquences de leur retrait ? Comment ce retrait est-il vécu par eux-mêmes et par leurs familles ? Comment prendre en charge la détresse qu’il manifeste ?Autant de questions qui tissent cet ouvrage sur le retrait des jeunes, à partir de réflexions de sociologues, anthropologues, psychiatres, psychologues et psychanalystes français et japonais qui ont travaillé ensemble pour repérer, décrire, comprendre et prendre en charge ce phénomène émergent dans nos sociétés.
856 4 1 _uhttps://shs.cairn.info/hikikomori-ces-adolescents-en-retrait--9782200291662?lang=fr&redirect-ssocas=7080
999 _c2198455
_d2198455